000 00284nam a2200097Ia 4500
001 1040563
005 20250826232025.0
008 250824s9999 xx 000 0 und d
245 0 _aBÖRÜ YEDNİDEN DİRİLİŞİN VE İNTİKAMIN KİTABI
_cÇAĞLAYAN YILMAZ
260 _bPANAMA YAYINLARI
999 _c1040563
_d1040563